LEADER 01823nam a2200289 i 4500 001 000000020108 003 CaOOAMICUS 005 20180830125444.0 008 180830n it u000 u ita u 040 $aSeMil$bita 100 1 $aCopleston, Frederick .$0(OLS)http://semarc/name/6375 240 12$aA history of philosophy.$0(OLS)http://semarc/title/26478 245 10$aStoria della filosofia /$cFrederick Copleston. 260 $aBrescia :$bPaideia 300 $av. ;$c21 cm. 650 4$aFilosofia - Storia.$0(OLS)http://semarc/subject/241 774 0 $aCopleston, Frederick $tDa Wolff a Kant.$bEdizione italiana.$dBrescia : Paideia, 1989.$z88-394-0423-6$g6$w()36342 774 0 $aCopleston, Frederick $tDa Bentham a Russell.$bEdizione italiana.$dBrescia : Paideia, 1985.$g8$w()36343 774 0 $aCopleston, Frederick $tDa Descartes a Leibniz.$bEdizione italiana.$dBrescia : Paideia, 1975.$g4$w()36344 774 0 $tGrecia e Roma.$bSeconda edizione italiana interamente riveduta.$dBrescia : Paideia, 1988 (copyr. 1967)$g1$w()36345 774 0 $aCopleston, Frederick $tDa Hobbes a Hume.$bEdizione italiana.$dBrescia : Paideia, 1967.$g5$w()36346 774 0 $aCopleston, Frederick $tDa Fichte a Nietzsche.$bEdizione italiana.$dBrescia : Paideia, 1982.$g7$w()36347 774 0 $aCopleston, Frederick $tFilosofia medioevale da Agostino a Scoto.$bEdizione italiana.$dBrescia : Paideia, 1971.$g2$w()36348 774 0 $aCopleston, Frederick $tDa Occam a Suarez.$bEdizione italiana.$dBrescia : Paideia, 1966.$g3$w()36349 774 0 $aCopleston, Frederick $tDa Maine de Biran a Sartre.$bEdizione italiana.$dBrescia : Paideia, 1983.$g9$w()36715 996 $6245$aStoria della filosofia$9(OLS)http://semarc/title/1812 996 $6260$aBrescia :$bPaideia$9(OLS)http://semarc/publisher/29614 LEADER 00705nam a2200217 i 4500 001 000000080456 003 CaOOAMICUS 005 20131119000000.0 008 131119s1989 xx u000 u ger u 013 $a52694 020 $a3-491-72166-0 040 $aSeMil$bita 245 10$aSpruchpredig. 250 $a2. Aufl. 300 $a192 p. 773 0 $aZerfaß, Rolf$tGrundkurs Predigt.$dDüsseldorf : Patmos, 1989-1992.$g1$w()29160 850 $aSeMil 852 $aSeMil$W1$xVenegono$y1$m2F III 419$j45933$B45933$CSeMilBibl$Z2$F48053 $81 961 $aOmaggio: Bressan don Luca 996 $6020$a3-491-72166-0$9(OLS)http://semarc/number/61661 996 $6245$aSpruchpredig$9(OLS)http://semarc/title/128193